What The Customer Wants You To Know (Record no. 318469)

MARC details
000 -LEADER
fixed length control field 00355nam a2200145Ia 4500
008 - FIXED-LENGTH DATA ELEMENTS--GENERAL INFORMATION
fixed length control field 230718s9999 xx 000 0 und d
041 ## - LANGUAGE CODE
Language code of text/sound track or separate title eng
082 ## - DEWEY DECIMAL CLASSIFICATION NUMBER
Classification number 658.812
Item number CHA
100 ## - MAIN ENTRY--PERSONAL NAME
Personal name Charan R.
245 ## - TITLE STATEMENT
Title What The Customer Wants You To Know
260 ## - PUBLICATION, DISTRIBUTION, ETC. (IMPRINT)
Name of publisher, distributor, etc. Pengain
365 ## - TRADE PRICE
Currency code Rs.
Price amount 295.00
700 ## - ADDED ENTRY--PERSONAL NAME
Personal name Charan R.
906 ## - LOCAL DATA ELEMENT F, LDF (RLIN)
d B:361429-Feb-2008
c MGMT
Holdings
Withdrawn status Lost status Damaged status Not for loan Home library Current library Date acquired Vendor Budget Code Cost, normal purchase price Bill number Total Checkouts Full call number Barcode Date last seen Cost, replacement price Bill Date Koha item type Original Barcode
        Cummins College of Engineering for Women Pune Cummins College of Engineering for Women Pune 11/03/2008 Goels Computer Hut MGMT 295.00 3614   658.812 CCEP-BK-29676 18/07/2023 295.00 29/02/2008 Books 029676